Sexing the teacher (Record no. 128097)
[ view plain ]
| 000 -LEADER | |
|---|---|
| fixed length control field | 01361nam a2200349Ia 4500 |
| 100 1# - MAIN ENTRY--AUTHOR NAME | |
| Personal name | Cavanagh, Sheila L. |
| 245 10 - TITLE STATEMENT | |
| Title | Sexing the teacher |
| 260 ## - PUBLICATION, DISTRIBUTION, ETC. (IMPRINT) | |
| Place of publication | Vancouver : |
| Name of publisher | UBC Press, |
| Year of publication | c2007. |
| 300 ## - PHYSICAL DESCRIPTION | |
| Number of Pages | viii, 230 p. |
| 490 1# - SERIES STATEMENT | |
| Series statement | Sexuality studies series |
| 650 #0 - SUBJECT ADDED ENTRY--TOPICAL TERM | |
| Topical Term | Women teachers |
| Topical Term | Child sexual abuse by teachers. |
| Topical Term | Sexually abused boys. |
| Topical Term | Teacher-student relationships. |
| Topical Term | Queer theory. |
| Topical Term | Feminist film criticism. |
| 856 40 - ELECTRONIC LOCATION AND ACCESS | |
| Uniform Resource Identifier | http://site.ebrary.com/lib/rucke/Doc?id=10214432 |
No items available.
